Teoretické východiská hospodárskej politiky bakalárska práca

Guardado en:
Detalles Bibliográficos
Autor principal: Bieliková, Beata
Autor Corporativo: Národohospodárska fakulta EU. Katedra hospodárskej politiky
Otros Autores: Blašková, Mária
Formato: Libro
Lenguaje:eslovaco
Publicado: Bratislava 2012
Etiquetas: Agregar Etiqueta
Sin Etiquetas, Sea el primero en etiquetar este registro!

MARC

LEADER 00000nbm a2200000 4500
001 0156026
005 20161109111933.0
041 0 |a slo 
044 |a SK 
245 1 0 |a Teoretické východiská hospodárskej politiky  |b bakalárska práca  |c Beata Bieliková ; školiteľ: Mária Blašková 
264 1 |a Bratislava  |c 2012 
300 |a 66 s. 
100 1 |a Bieliková, Beata 
700 1 |a Blašková, Mária 
710 2 |a Národohospodárska fakulta EU. Katedra hospodárskej politiky